Statistics for Top 15 Celebrities Born In 1962

Click here to take the quiz!

General Stats

  • This quiz has been taken 116 times
    (78 since last reset)
  • The average score is 6 of 15

Answer Stats

Answer% Correct
Tom Cruise
93%
Jim Carrey
85%
Steve Carrell
78%
Matthew Broderick
47%
Jodie Foster
41%
Demi Moore
39%
Jon Bon Jovi
36%
Rosie O'Donnell
32%
Joan Cusack
31%
Paula Abdul
29%
Sheryl Crow
25%
Garth Brooks
24%
Kelly Preston
12%
Tom Kenny
12%
MC Hammer
5%

Score Distribution

Percentile by Number Answered

Percent of People with Each Score

Your Score History

You have not taken this quiz since the last reset